Statistics for Football Club Logos by Building

Click here to take the quiz!

General Stats

  • This quiz has been taken 67 times
  • The average score is 5 of 12

Answer Stats

Answer% Correct
Paris Saint-Germain
100%
Everton
86%
Paris FC
63%
Crystal Palace
57%
Seattle Sounders
52%
St. Pauli
51%
1. FC Köln
40%
Athletic Club Bilbao
23%
RC Lens
15%
SC Braga
14%
Hibernian
12%
Antalyaspor
8%

Score Distribution

Percentile by Number Answered

Percent of People with Each Score

Your Score History

You have not taken this quiz